Rechnergestützte Dimensionierung und Strukturierung von Fertigungssystemen mit CAD-FAIF /
Uloženo v:
| Hlavní autor: | |
|---|---|
| Médium: | Kniha |
| Jazyk: | němčina |
| Vydáno: |
Karl-Marx-Stadt :
Technická univerzita,
1989
|
| Vydání: | 1. Aufl. |
| Edice: | Wissenschaftliche Schriftenreihe
Heft 8 |
| ISSN: | 0863-0755 |
| On-line přístup: |
|
| Tagy: |
Přidat tag
Žádné tagy, Buďte první, kdo vytvoří štítek k tomuto záznamu!
|
MARC
| LEADER | 00000nam a2200000 4500 | ||
|---|---|---|---|
| 003 | SK-BrCVT | ||
| 005 | 20220617154847.0 | ||
| 008 | 920112s1989 gw e ||||||ger d | ||
| 022 | |a 0863-0755 | ||
| 035 | |a CVTIDW0897877 | ||
| 040 | |b slo |a CVTI SR | ||
| 041 | 0 | |a ger | |
| 044 | |a gw | ||
| 080 | |a 658.52.011.56 CAD-FAIF |2 UDC-MRF | ||
| 080 | |a 338.33:681.3 CAD-FAIF |2 UDC-MRF | ||
| 100 | 1 | |a Foerster, Alfred | |
| 242 | 1 | 0 | |a Dimenzovanie a štrukturalizácia výrobných systémov podporované počítačmi. CAD-FAIF |
| 245 | 1 | 0 | |a Rechnergestützte Dimensionierung und Strukturierung von Fertigungssystemen mit CAD-FAIF / |c Autoren: Alfred Foerster und Kol. |
| 250 | |a 1. Aufl. | ||
| 260 | |a Karl-Marx-Stadt : |b Technická univerzita, |c 1989 | ||
| 300 | |a 96 s. : |b lit., obr., tab. ; | ||
| 490 | 0 | |a Wissenschaftliche Schriftenreihe |v Heft 8 | |
| 692 | |a SM LV SK JM MM | ||
| 760 | 1 | |t Wissenschaftliche Schriftenreihe |g Heft 8 | |
| 910 | |b A528156 | ||
| 974 | |f Knihy | ||
| 992 | |a AVS | ||
| 999 | |c 53079 |d 53079 | ||